I͡Evreĭsʹke naselenni͡a Pivdennoï Ukraïny : istorii︠a︡ ta suchasnistʹ /

Saved in:
Bibliographic Details
Other Authors: Orli͡anskiĭ, S. F., Bakurov, Kosti͡antyn.
Format: Book
Language:Ukrainian
Published: Zaporiz͡hz͡hi͡a : Polihrafichnyĭ t͡sentr "Kh-Press', 1997.
Subjects:
Tags: Add Tag
No Tags, Be the first to tag this record!
LEADER 00826nam a22002417a 4500
001 008257519-3
005 20150423125426.0
008 930713s1997 un 100|0 ukr d
035 0 |a ocm43426521 
041 0 |a ukrrus 
043 |a e-un--- 
050 4 |a DS135.U4  |b I377 1997 
245 1 0 |a I͡Evreĭsʹke naselenni͡a Pivdennoï Ukraïny :  |b istorii︠a︡ ta suchasnistʹ /  |c [redaktory Semen Orli͡ansʹkyĭ, Kosti͡antyn Bakurov]. 
260 |a Zaporiz͡hz͡hi͡a :  |b Polihrafichnyĭ t͡sentr "Kh-Press',  |c 1997. 
300 |a 48 p. ;  |c 21 cm. 
504 |a Includes bibliographical references. 
650 0 |a Jews  |z Ukraine, Southern  |x History. 
655 7 |a Conference papers and proceedings.  |2 fast 
655 7 |a History.  |2 fast 
700 1 |a Orli͡anskiĭ, S. F. 
700 1 |a Bakurov, Kosti͡antyn. 
988 |a 20020608 
906 |0 MH